Normal view
MARC view
Entry Personal Name
001 - CONTROL NUMBER
- control field: 933
003 - CONTROL NUMBER IDENTIFIER
- control field: PK-LaUMT
005 - DATE AND TIME OF LATEST TRANSACTION
- control field: 20240723111453.0
008 - FIXED-LENGTH DATA ELEMENTS
- fixed length control field: 240723|| aca||aabn | a|a d
040 ## - CATALOGING SOURCE
- Original cataloging agency: PK-LaUMT
- Transcribing agency: PK-LaUMT
100 ## - HEADING--PERSONAL NAME
- Personal name: Eastwood,Martin
670 ## - SOURCE DATA FOUND
- Source citation: Work cat.: (PK-LaUMT)134551: Eastwood,Martin, Principles of human nutrition /, 2003
